Manchester City : 11 du XXIème siècle - Statistiques

Statistiques générales
  • Ce quiz a été pris 637 fois
    365 depuis la dernière actualisation
  • Le résultat moyen est 14 sur 16
Statistiques - réponses
Poste Nationalité Années au club Joueurs % Correct
Buteur Norvégien 2022- Erling Haaland
100%
Milieu Central Belge 2015-2025 Kévin de Bruyne
99%
Entraîneur Espagnol 2016- Pep Guardiola
97%
Remplaçant (Attaquant) Algérien 2018-2023 Riyad Mahrez
96%
Buteur Argentin 2011-2021 Sergio Aguero
96%
Remplaçant (Gardien) Brésilien 2017- Ederson Moraes
95%
Milieu Central Ivoirien 2010-2018 Yaya Touré
94%
Défenseur Droit Anglais 2017-2025 Kyle Walker
92%
Défenseur Central Belge 2008-2019 Vincent Kompany
92%
Remplaçant (Défenseur) Portugal 2020- Ruben Dias
91%
Défenseur Central Anglais 2016- John Stones
89%
Ailier Gauche Anglais 2015-2022 Raheem Sterling
89%
Milieu Central Espagnol 2010-2020 David Silva
87%
Remplaçant (Milieu) Espagnol 2019 Rodri
84%
Gardien Anglais 2006-2018 Joe Hart
81%
Défenseur Gauche Argentin 2008-2017 Pablo Zabaleta
51%
Aucun quiz correspondant
Distribution des résultats
% des personnes avec chaque résultat
Percentile par nombre de réponses
Votre historique - résultats
Vous n’avez pas pris ce quiz depuis la dernière actualisation